000 01157cam a22002771i 4500
003 SA_RiAUC
005 20251015075946.0
008 251007s2005____su g f000 0 ara c
020 _a9960199460
040 _aSA-JeALM
_bara
_cSA-RiAUC
_erda
043 _aa-su---
082 0 4 _a370.953121
090 _a370.953121
_bا ن ص
100 1 _aالأنصاري، عنبرة حسين عبد الله
_eمؤلف.
245 1 0 _aملامح عن التعليم في مكة المكرمة /
_cعنبرة حسين الأنصاري [ومجموعة آخرون]؛ إشراف عبد العزيز علي العقلا.
250 _aالطبعة الثالثة.
264 1 _aالرياض :
_bشؤون تعليم البنات، وحدة الدراسات والبحوث التربوية،
_c2004
300 _a295 صفحة ؛
_c24 سم
336 _aنص
_btxt
_2rdacontent
_3كتاب
337 _aبدون وسيط
_bn
_2rdamedia
338 _aمجلد
_bnc
_2rdacarrier
650 7 _aالتعليم
_zمكة المكرمة
_2aucsh
700 1 _aالعقلا، عبد العزيز
_eمشرف.
942 _2ddc
_cBOOK
_n0
949 _aSA-JeALM
_d251007
_umohamedma123
_n1
999 _c12568
_d12568